000 00410nam a22001457a 4500
020 _a9781904445692
082 _a631.4
_bHEA/MA
100 _aHead,K.H
_9644
100 _aEpps,R.J
_9645
245 _aManual of Soil Laboratory Testing Vol-2: Permeability,Shear Strength and Compressibility tests
250 _a3 rd
260 _aBoca Raton
_bCRC Pres ,Whittles Publishing
_c2011
300 _a499
942 _cBK
999 _c14399
_d14399